Welcome to CU Library Online Public Access Catalogue (OPAC)

A History of Nursing (Record no. 7807)

MARC details
000 -LEADER
fixed length control field 00445nam a22001577a 4500
005 - DATE AND TIME OF LATEST TRANSACTION
control field 20251027111644.0
008 - FIXED-LENGTH DATA ELEMENTS--GENERAL INFORMATION
fixed length control field 251027b |||||||| |||| 00| 0 eng d
050 ## - LIBRARY OF CONGRESS CALL NUMBER
Classification number RT31
Item number .N953
245 ## - TITLE STATEMENT
Title A History of Nursing
Statement of responsibility, etc. edited by Lavinia L. Dock
250 ## - EDITION STATEMENT
Edition statement Volume IV
260 ## - PUBLICATION, DISTRIBUTION, ETC.
Place of publication, distribution, etc. New York
-- London
Name of publisher, distributor, etc. G. P. Putman's Sons
Date of publication, distribution, etc. 1912
300 ## - PHYSICAL DESCRIPTION
Extent vii. 338p.
Other physical details ill.
Dimensions 20.5cm
500 ## - GENERAL NOTE
General note includes index
700 ## - ADDED ENTRY--PERSONAL NAME
Personal name Dock, Lavinia L.
942 ## - ADDED ENTRY ELEMENTS (KOHA)
Source of classification or shelving scheme Library of Congress Classification
Koha item type Books
Suppress in OPAC No
999 ## -
-- 7807
-- 7807
Holdings
Withdrawn status Lost status Source of classification or shelving scheme Damaged status Not for loan Collection Home library Current library Shelving location Date acquired Total checkouts Full call number Barcode Date last seen Copy number Price effective from Koha item type
    Library of Congress Classification     Non-fiction Science Library (Miotso) Science Library (Miotso) General stacks 10/27/2025   RT31 .N953 NUT SLM00004551 10/27/2025 1 10/27/2025 Books
© 2023-2024 Copyright: Central University Libraries. All Rights Reserved | Created by: Mahone Tech Office